ডেইরিবিজ্ঞান / (Record no. 39294)
[ view plain ]
| 000 -LEADER | |
|---|---|
| fixed length control field | 00920nam a2200253 a 4500 |
| 001 - CONTROL NUMBER | |
| control field | 39294 |
| 003 - CONTROL NUMBER IDENTIFIER | |
| rucl marc code | BD-RjUL |
| 005 - DATE AND TIME OF LATEST TRANSACTION | |
| control field | 20211209052947.0 |
| 008 - FIXED-LENGTH DATA ELEMENTS--GENERAL INFORMATION | |
| fixed length control field | 160407s2008 bg ||||| |||| 00| 0 ben d |
| 020 ## - INTERNATIONAL STANDARD BOOK NUMBER | |
| International Standard Book Number | 9840746529 |
| Terms of availability | Tk. 175.00 |
| 035 ## - SYSTEM CONTROL NUMBER | |
| System control number | (BD-RjUL)39407 |
| 040 ## - CATALOGING SOURCE | |
| Original cataloging agency | BD-RjUL |
| Language of cataloging | ben |
| Transcribing agency | BD-RjUL |
| Modifying agency | BD-RjUL |
| 041 ## - LANGUAGE CODE | |
| Language code of text/sound track or separate title | ben |
| 082 ## - DEWEY DECIMAL CLASSIFICATION NUMBER | |
| Edition number | 23 |
| Classification number | 636.2142 |
| Author mark and year | MID 2008 |
| 100 ## - MAIN ENTRY--PERSONAL NAME | |
| Personal name | মিয়া, মো. আবদুর রাজ্জাক |
| 9 (RLIN) | 126320 |
| 245 ## - TITLE STATEMENT | |
| Title | ডেইরিবিজ্ঞান / |
| Statement of responsibility, etc. | মো. আবদুর রাজ্জাক মিয়া |
| 260 ## - PUBLICATION, DISTRIBUTION, ETC. (IMPRINT) | |
| Place of publication, distribution, etc. | ঢাকা : |
| Name of publisher, distributor, etc. | বাংলা একাডেমী, |
| Date of publication, distribution, etc. | ২০০৮ |
| 300 ## - PHYSICAL DESCRIPTION | |
| Pagination | [৮], ২৬৪ পৃ. ; |
| Size | ২২ সেমি. |
| 490 ## - SERIES STATEMENT | |
| Volume/sequential designation | বাএ ; |
| Series statement | ৪৬৪৩ |
| 650 ## - SUBJECT ADDED ENTRY--TOPICAL TERM | |
| Topical term or geographic name as entry element | ডেইরিবিজ্ঞান |
| 9 (RLIN) | 126321 |
| Topical term or geographic name as entry element | Dairying |
| 9 (RLIN) | 126322 |
| 830 ## - SERIES ADDED ENTRY--UNIFORM TITLE | |
| Uniform title | বাএ ; |
| Volume number/sequential designation | ৪৬৪৩ |
| 942 ## - ADDED ENTRY ELEMENTS (KOHA) | |
| Source of classification or shelving scheme | Dewey Decimal Classification |
| Koha item type | Books |
| Lost status | Source of classification or shelving scheme | Damaged status | Not for loan | Collection code | Permanent Location | Current Location | Shelving location | Date acquired | Source of acquisition | Cost, normal purchase price | Total Checkouts | Full call number | Date last seen | Date checked out | Copy number | Koha item type |
|---|---|---|---|---|---|---|---|---|---|---|---|---|---|---|---|---|
| Dewey Decimal Classification | Non-fiction | Central Library, University of Rajshahi | Central Library, University of Rajshahi | 30/01/2012 | Dhaka, Bangla Academy | 175.00 | 1 | B 636.2142 MID 2008 | 28/02/2017 | 06/02/2017 | C-2 | Books |